000 01301cam a2200325 4500
001 7492
003 BD-RjUL
005 20211208234425.0
008 140115s1971 ii 001 0 eng
035 _a(BD-RjUL)7536
040 _aDLC
_cDLC
_dDLC
_dBD-RjUL
_beng
041 _aeng
082 0 0 _a347.54077
_219
_bBAL 1971
100 1 _aBanerjee, S. C.
_q( Satish Chandra),
_d1871-1915.
_923390
245 1 4 _aThe law of specific relief :
_bBeing an exhaustive commentary on the Specific relief act, 1963, incorporating appropriately the matter of Tagore law lectures /
_cby S. C. Banerjee. With a foreword by Sir Asutosh Mookerjee.
250 _a5th ed. rev.
260 _aAllahabad :
_bLaw Book Co.,
_c1971.
300 _alvi, 901 p. ;
_c25 cm.
350 _aRs45.00
500 _aRunning title: Specific relief act, 1963.
500 _aFirst published in 1909, with title: The law of specific relief in British India.
500 _aFourth ed., 1969, has title: Dr. S. C. Banerji's The law of specific relief.
650 0 _aEquitable remedies
_zIndia.
_914445
700 2 _aKameswara Rao, Challa,
_d1884-
_923391
710 1 2 _aIndia.
_tSpecific Relief Act, 1963.
_f1971.
_923392
740 0 _aSpecific relief act, 1963.
942 _2ddc
_cBK
999 _c7492
_d7492